000
00295nam a22001337a 4500
008
180224b xxu||||| |||| 00| 0 eng d
020
_a
573870001
041
_a
eng
080
_a
612.39
100
_a
10
101
_a
SHU
245
_a
Tropical & Subtropical Fruits
_c
Nagy, S
942
_2
udc
_c
BK
999
_c
43348
_d
43348